书目信息 |
| 题名: |
普希金作品精粹
|
|
| 作者: | 普希金, 著 ;韩世滋 选编 | |
| 分册: | ||
| 出版信息: | 石家庄 河北教育出版社 1995.12 |
|
| 页数: | 339页 | |
| 开本: | 21cm | |
| 丛书名: | 世界文学博览 | |
| 单 册: | ||
| 中图分类: | I512.141 | |
| 科图分类: | ||
| 主题词: | 文学--wen xue--作品集--苏联--近代 | |
| 电子资源: | ||
| ISBN: | 7-5434-0747-7 | |
| 000 | 01044nam 2200265 450 | |
| 001 | 012008999436 | |
| 005 | 20080424143630.23 | |
| 010 | @a7-5434-0747-7@dCNY13.00 | |
| 100 | @a20080423d1995 km y0chiy0120 ea | |
| 101 | 1 | @achi@crus |
| 102 | @aCN@b130000 | |
| 105 | @ay z 000zy | |
| 106 | @ar | |
| 200 | 1 | @a普希金作品精粹@Apu xi jin zuo pin jing cui@f(俄) 普希金著@F(e)pu xi jin zhu@g韩世滋选编@Ghan shi zi xuan bian |
| 210 | @a石家庄@c河北教育出版社@d1995.12 | |
| 215 | @a339页@d21cm | |
| 225 | 2 | @a世界文学博览@Ashi jie wen xue bo lan |
| 330 | @a亚历山大?谢尔盖耶维奇?普希金(1799-1837年)是俄罗斯伟大的民族诗人,是俄罗斯现实主义文学的奠基人,是俄罗斯文学语言的创造者,更是19世纪世界诗坛的一座高峰。 | |
| 410 | 0 | @12001 @a世界文学博览 |
| 606 | 0 | @a文学@Awen xue@x作品集@y苏联@z近代 |
| 690 | @aI512.141@v4 | |
| 701 | 1 | @a普希金,@Apu xi jin,@g(Пушкин, Александр Сергеевич),@f1799-1837@4著 |
| 702 | 0 | @a韩世滋@Ahan shi zi@4选编 |
| 801 | 0 | @aCN@bQSSK@c20080424 |
| 905 | @b20702615-17@dI512.141@eP962@f3 | |
| 普希金作品精粹/(俄) 普希金著/韩世滋选编.-石家庄:河北教育出版社,1995.12 |
| 339页;21cm.-(世界文学博览) |
| ISBN 7-5434-0747-7:CNY13.00 |
| 亚历山大?谢尔盖耶维奇?普希金(1799-1837年)是俄罗斯伟大的民族诗人,是俄罗斯现实主义文学的奠基人,是俄罗斯文学语言的创造者,更是19世纪世界诗坛的一座高峰。 |
| ● |
| 相关链接 |
|
|
|
正题名:普希金作品精粹
索取号:I512.141/P962
 
预约/预借
| 序号 | 登录号 | 条形码 | 馆藏地/架位号 | 状态 | 备注 |
| 1 | 702615 | 207026154 | 文学库116/116文学库 16排2列1层/ [索取号:I512.141/P962] | 在馆 | |
| 2 | 702616 | 207026163 | 社科二线422/116文学库 16排2列1层/ [索取号:I512.141/P962] | 在馆 | |
| 3 | 702617 | 207026172 | 文学库116/116文学库 16排2列1层/ [索取号:I512.141/P962] | 在馆 |